000 01534nam0a2200337 4500
001 RU\NLR\bibl\1887121
005 20260408161527.0
010 _a978-5-7691-2258-3
_9300
021 _aRU
_b2012-17648
_91330
035 _a(NLR Aleph) 001876850
090 _a2736762
_c2736762
100 _a20120403d2011 k y0rusy50 ca
101 0 _arus
102 _aRU
105 _aa |||||||||
200 1 _aНовые специализированные виды транспорта для горных работ
_fВ.Л. Яковлев, П.И. Тарасов, А.Г. Журавлев
_gРос. акад. наук, Уральское отделение, Ин-т горного дела
210 _aЕкатеринбург
_cИнститут горного дела УрО РАН
_d2011
215 _a374 с.
_cил., цв. ил.
_d21
320 _aБиблиогр.: с. 364-372 (148 назв.)
606 1 _aРудничный транспорт
_91260915
_3RU\NLR\auth\66200166
606 _aКарьерный транспорт (горн.)
_3RU\NLR\auth\66285817
_91416371
686 _aИ16
700 1 _aЯковлев
_bВ. Л.
_gВиктор Леонидович
_4070
701 1 _4070
_8rus
_7ca
_aТарасов
_bП. И.
_cканд. техн. наук
_gПетр Иванович
_3RU\NLR\auth\7758694
_941626
701 1 _aЖуравлев
_bА. Г.
_gАртем Геннадьевич
_4070
801 0 _aRU
_bNLR
_c20120403
_gRCR
801 1 _aRU
_bNLR
_c20120403
942 _cBOOK
980 _aNBR
980 _aNB